| 000 | 00461nam a22001697a 4500 | ||
|---|---|---|---|
| 003 | OSt | ||
| 020 | _a0596003064 | ||
| 040 | _c0 | ||
| 082 |
_222 _a005.7565 |
||
| 100 | _aZawedny, Jeremy D and Balling ,Derek J. | ||
| 245 |
_aHigh performance MySQL : _boptimization, backups, replication and load balancing / |
||
| 250 | _a1st. | ||
| 260 |
_aCalfornia, _bO'Reilly, _cc2004. |
||
| 300 |
_axvi, 276p. ; _bill. ; _c23 cm. |
||
| 942 |
_2ddc _cIT |
||
| 999 |
_c1843 _d1843 |
||
| 999 |
_c2001 _d2001 |
||